000 00469nam a2200145 i 4500
001 30637
003 ES-MaACL
007 t|
008 030127s1937 fr ||||1| fre d
100 1 _aBataillon, Marcel.
_926396
245 1 0 _aErasme et l'Espagne
_b: recherches sur l'Historie spirituelle du XVIe siécle /
_cMarcel Bataillon.
260 _aParís :
_bDroz,
_c1937 (
_eAbbeville :
_fPaillart)
300 _aXII, 903 p. ;
_c26 cm.
852 _aES-MaACL
_jB-9583
_bR.19355
999 _c30637
_d30637